Experimentální vibrodiagnostické metody analýzy dynamických vlastností výrobních strojů /

Hlavní autor: Kočí, Petr, 1948-
Korporativní autor: Vysoká škola báňská - Technická univerzita Ostrava. Strojní fakulta
Jazyk: Čeština
Vydáno: Ostrava : VŠB-Technická univerzita, 2002
Vydání: 1. vyd.
Edice: Vědecké spisy Fakulty strojní. Autoreferáty disertačních prací ; sv. 11
Témata:
Fyzický popis: 32 s. : il. ; 21 cm
Knihy
Uloženo v:
LEADER 01662nam a2200421 a 4500
001 000633442
003 CZ BrMZK
005 20121211080738.0
007 ta
008 021029s2002 xr f m cze d
015 |a cnb001194975 
020 |a 80-248-0169-8 
035 |a (OCoLC)53271462 
040 |a BOA001  |b cze 
072 7 |a 62  |x Technika všeobecně  |2 Konspekt  |9 19 
080 |a 62-1/-9  |2 MRF 
080 |a 621.9.06  |2 MRF 
080 |a 534.1  |2 MRF 
080 |a (048.3)  |2 MRF 
080 |a (048.3)  |2 MRF 
100 1 |a Kočí, Petr,  |d 1948-  |7 mzk2002156733  |4 aut 
245 1 0 |a Experimentální vibrodiagnostické metody analýzy dynamických vlastností výrobních strojů /  |c Petr Kočí 
250 |a 1. vyd. 
260 |a Ostrava :  |b VŠB-Technická univerzita,  |c 2002 
300 |a 32 s. :  |b il. ;  |c 21 cm 
490 1 |a Vědecké spisy Fakulty strojní. Autoreferáty disertačních prací ;  |v sv. 11 
502 |a Disertace(Ph.D.) -- VŠB-Technická univerzita Ostrava, 2002 
504 |a Obsahuje bibliografii 
650 0 7 |a výrobní stroje  |7 ph127453  |2 czenas 
650 0 7 |a obráběcí stroje  |7 ph123612  |2 czenas 
650 0 7 |a vibrace  |7 ph127091  |2 czenas 
655 7 |a autoreferáty  |7 fd131857  |2 czenas 
655 7 |a teze  |7 fd133701  |2 czenas 
710 2 |a Vysoká škola báňská - Technická univerzita Ostrava.  |b Strojní fakulta  |7 kn20010709395 
810 2 |a Vysoká škola báňská - Technická univerzita Ostrava.  |b Strojní fakulta.  |t Vědecké spisy.  |p Autoreferáty disertačních prací  |0 s 
910 |a BOA001  |b 2-1109.425 
990 |a BK 
996 6 |b 2610173704  |c 2-1109.425  |l MZK  |r Sklad / do 1 hodiny  |n 4  |p p.v.  |w 000633442  |u 000010  |a 1  |e BOA001  |j MZK50  |s P